Compositions de City - Inter (2023) - Statistiques

Statistiques générales
  • Ce quiz a été pris 61 fois
  • Le résultat moyen est 18 sur 29
Statistiques - réponses
Poste Joueur % Correct
G Ederson
98%
BU Haaland
98%
MOC De Bruyne
90%
DC Dias
90%
BU Martinez
90%
MDC Stones
90%
MDC Rodri
86%
REMP Foden
80%
MD Silva
80%
DC Aké
76%
DC Bastoni
76%
MC Barella
75%
MG Dimarco
73%
MOC Gundogan
71%
G Onana
71%
DC Akanji
67%
REMP Walker
65%
DC Acerbi
61%
MG Grealish
61%
MC Calhanoglu
59%
MD Dumfries
59%
REMP Lukaku
55%
BU Dzeko
45%
REMP Mkhitaryan
39%
MC Brozovic
27%
DC Darmian
24%
REMP Gosens
14%
REMP D'Ambrosio
10%
REMP Bellanova
6%
Aucun quiz correspondant
Distribution des résultats
% des personnes avec chaque résultat
Percentile par nombre de réponses
Votre historique - résultats
Vous n’avez pas pris ce quiz